[Event "Kavala op 20th"]
[Site "Kavala"]
[Date "2011.07.31"]
[Round "2"]
[White "Atalik, Suat"]
[Black "Lagopatis, Nikolaos"]
[Result "1-0"]
[WhiteElo "2619"]
[BlackElo "2181"]
[PlyCount "105"]
[EventDate "2011.07.30"]
[EventType "swiss"]
[EventRounds "9"]
[EventCountry "GRE"]
[SourceTitle "CBM 143 Extra"]
[Source "ChessBase"]
[SourceDate "2011.08.29"]
[SourceVersion "1"]
[SourceVersionDate "2011.08.29"]
[SourceQuality "1"]

1. d4 d6 2. Nf3 f5 3. Nc3 Nf6 4. Bg5 Nbd7 5. Qd3 h6 6. Bxf6 Nxf6 7. e4 fxe4 8. Nxe4 e6 9. 0-0-0 c6 10. Ng3 Qa5 11. Qg6+ Kd8 12. Bc4 Bd7 13. Qf7 Qb4 14. Bb3 a5 15. a3 Qb5 16. Rhe1 Rc8 17. Ba2 Rc7 18. c4 Qa6 19. Qg6 Be8 20. Qc2 Bf7 21. c5 d5 22. Ne5 Be8 23. Ng6 Rg8 24. Nf4 Bf7 25. Nxe6+ Bxe6 26. Rxe6 b6 27. Rde1 bxc5 28. Bxd5 cxd4 29. Bc4 Qb6 30. Rxf6 gxf6 31. Bxg8 Re7 32. Rxe7 Bxe7 33. Nf5 Qb5 34. Nxd4 Qg5+ 35. Qd2 Qxg8 36. Nxc6+ Ke8 37. Qe2 Qg5+ 38. Kb1 Kd7 39. Nxe7 Qxg2 40. Nf5 Qh1+ 41. Kc2 Qc6+ 42. Kd2 Qc5 43. Qe7+ Qxe7 44. Nxe7 Kxe7 45. b4 axb4 46. axb4 Kd6 47. Ke3 Kd5 48. Kf4 Kc4 49. Kf5 Kxb4 50. Kxf6 Kc4 51. f4 Kd5 52. f5 h5 53. Kg6 1-0

[Event "GRE-chT 39th"]
[Site "Eretria"]
[Date "2011.07.07"]
[Round "6.10"]
[White "Lagopatis, Nikolaos"]
[Black "Kourkoulos Arditis, Stamatis"]
[Result "1-0"]
[WhiteElo "2181"]
[BlackElo "2123"]
[PlyCount "131"]
[EventDate "2011.07.03"]
[EventType "team-swiss"]
[EventRounds "7"]
[EventCountry "GRE"]
[SourceTitle "CBM 143 Extra"]
[Source "ChessBase"]
[SourceDate "2011.08.29"]
[SourceVersion "1"]
[SourceVersionDate "2011.08.29"]
[SourceQuality "1"]
[WhiteTeam "Ptolemaida Ptolemaios"]
[BlackTeam "Kallithea"]
[WhiteTeamCountry "GRE"]
[BlackTeamCountry "GRE"]

1. e4 c5 2. c4 Nc6 3. Nc3 g6 4. g3 Bg7 5. Bg2 d6 6. d3 e6 7. Nge2 Nge7 8. 0-0 0-0 9. Rb1 b6 10. Be3 Bb7 11. d4 cxd4 12. Nxd4 a6 13. a4 Rc8 14. b3 Qc7 15. Rc1 Rfd8 16. Nd5 exd5 17. cxd5 Qb8 18. dxc6 Nxc6 19. Nxc6 Bxc6 20. Qd3 Qb7 21. Bg5 Re8 22. Qxd6 Bxe4 23. Bxe4 Qxe4 24. Rxc8 Rxc8 25. Qxb6 Bd4 26. Qd6 Rc2 27. Bh6 Rc8 28. Rd1 Bg7 29. Bxg7 Kxg7 30. Qxa6 Rc3 31. Qb6 h5 32. h4 Qg4 33. Qd6 Kh7 34. b4 Rc4 35. b5 Rxa4 36. b6 Rb4 37. Rc1 Rb5 38. Qf6 Qf5 39. Qxf5 gxf5 40. Rc6 Kg7 41. Kg2 f4 42. gxf4 Rb3 43. f5 Rb5 44. Kf3 Rxf5+ 45. Ke3 Rb5 46. Kd4 Kf8 47. Kc4 Rb2 48. Kc5 Ke7 49. Rc7+ Ke6 50. b7 Rc2+ 51. Kb6 Rb2+ 52. Ka7 Ra2+ 53. Kb8 Rxf2 54. Kc8 Rb2 55. b8Q Rxb8+ 56. Kxb8 Kf5 57. Rxf7+ Kg4 58. Rg7+ Kxh4 59. Kc7 Kh3 60. Kd6 h4 61. Ke5 Kh2 62. Kf4 h3 63. Kf3 Kh1 64. Ra7 Kh2 65. Ra2+ Kg1 66. Kg3 1-0

[Event "GRE-chT 39th"]
[Site "Eretria"]
[Date "2011.07.06"]
[Round "5.7"]
[White "Markidis, Konstantinos"]
[Black "Lagopatis, Nikolaos"]
[Result "1/2-1/2"]
[WhiteElo "2330"]
[BlackElo "2181"]
[PlyCount "116"]
[EventDate "2011.07.03"]
[EventType "team-swiss"]
[EventRounds "7"]
[EventCountry "GRE"]
[SourceTitle "CBM 143 Extra"]
[Source "ChessBase"]
[SourceDate "2011.08.29"]
[SourceVersion "1"]
[SourceVersionDate "2011.08.29"]
[SourceQuality "1"]
[WhiteTeam "Florinas"]
[BlackTeam "Ptolemaida Ptolemaios"]
[WhiteTeamCountry "GRE"]
[BlackTeamCountry "GRE"]

1. e4 d6 2. d4 Nf6 3. Nc3 c6 4. a4 Qa5 5. Bd2 Qc7 6. h3 e5 7. Nf3 Be7 8. Bd3 Nbd7 9. 0-0 0-0 10. Re1 a5 11. Ne2 Re8 12. Ng3 Bf8 13. c3 g6 14. Qc1 Bg7 15. Bh6 Nf8 16. Qd2 Kh8 17. Rad1 Ng8 18. Be3 h6 19. Bc4 Kh7 20. Qc2 Nf6 21. dxe5 dxe5 22. Qb3 Be6 23. Nd2 N6d7 24. Qa3 Rab8 25. b4 axb4 26. cxb4 b5 27. Bxe6 Nxe6 28. a5 Nd4 29. Bxd4 exd4 30. Nb3 c5 31. bxc5 b4 32. Qa2 Rec8 33. Ne2 Nxc5 34. Nexd4 Nxb3 35. Nxb3 Qf4 36. Rd3 Rc3 37. Qe2 Rbc8 38. Red1 R8c4 39. Rxc3 Rxc3 40. Rd3 Qc7 41. Rf3 Be5 42. g3 Kg7 43. Kg2 Qc6 44. h4 h5 45. Rxc3 bxc3 46. f4 Qa4 47. Qc2 Bd4 48. a6 Kh7 49. Nxd4 Qxd4 50. a7 Qd2+ 51. Qxd2 cxd2 52. a8Q d1Q 53. e5 Qe2+ 54. Kg1 Qe3+ 55. Kh2 Qe2+ 56. Qg2 Qe3 57. Qc2 Kg7 58. Kg2 Kg8 1/2-1/2

[Event "GRE-chT 39th"]
[Site "Eretria"]
[Date "2011.07.05"]
[Round "4.9"]
[White "Sarandos, Vasilios"]
[Black "Lagopatis, Nikolaos"]
[Result "1-0"]
[WhiteElo "2236"]
[BlackElo "2181"]
[PlyCount "111"]
[EventDate "2011.07.03"]
[EventType "team-swiss"]
[EventRounds "7"]
[EventCountry "GRE"]
[SourceTitle "CBM 143 Extra"]
[Source "ChessBase"]
[SourceDate "2011.08.29"]
[SourceVersion "1"]
[SourceVersionDate "2011.08.29"]
[SourceQuality "1"]
[WhiteTeam "Tzelepis Ikaria"]
[BlackTeam "Ptolemaida Ptolemaios"]
[WhiteTeamCountry "GRE"]
[BlackTeamCountry "GRE"]

1. d4 d6 2. e4 Nf6 3. f3 e5 4. dxe5 dxe5 5. Qxd8+ Kxd8 6. Bc4 Ke8 7. Be3 Nbd7 8. Nh3 Bc5 9. Bd2 a5 10. a3 Ke7 11. Nf2 Re8 12. Nd3 Bd4 13. Nc3 c6 14. Ne2 Bb6 15. Bc3 Kf8 16. g4 h6 17. Ng3 Bc7 18. h4 b5 19. Bb3 Nb6 20. g5 Ng8 21. 0-0-0 Be6 22. Bxe6 Rxe6 23. Nc5 Ree8 24. Nf5 hxg5 25. Rd7 Bd8 26. Rb7 Nh6 27. Nd6 Re7 28. hxg5 Ng8 29. Bxe5 Rxb7 30. Ndxb7 Bxg5+ 31. Kb1 Nc4 32. Bc3 Bd2 33. Bd4 Be3 34. Bxe3 Nxe3 35. b3 a4 36. Kb2 axb3 37. cxb3 Ke7 38. Re1 Ng2 39. Rd1 Nf6 40. Rd6 Rc8 41. e5 Ne8 42. Rd7+ Kf8 43. Nd8 Nh4 44. Rxf7+ Kg8 45. Nce6 Ng6 46. f4 Kh7 47. b4 Kh6 48. Kc3 Ra8 49. Kd4 Rxa3 50. f5 Nxe5 51. Kxe5 Re3+ 52. Kf4 Rc3 53. Rf8 g5+ 54. Ke5 Kh5 55. Rxe8 Rc4 56. f6 1-0